000 00275nam a2200121Ia 4500
008 211105s9999 xx 000 0 und d
020 _aVYASA13085
100 _aAvalon Arthur
245 0 _aTantrik Texts
250 _a\N
260 _bMotilal banarsidass
_c\N
300 _a474p.
999 _c6913
_d6913